Manual de inspección para construcción de urbanizaciones y casas de interés social

Guardado en:
Bibliografiske detaljer
Hovedforfatter: Ramírez Campos, Luis Alfonso
Format: Bog
Udgivet: San José, Costa Rica 1992
Fag:
Tags: Tilføj Tag
Ingen Tags, Vær først til at tagge denne postø!

MARC

LEADER 00000nam a2200000Ia 4500
003 005474
005 20221231144321.0
008 140114s1992 cr a m 000 ||s d
040 |c cru CEDI 
090 |a TFG 2611 
100 |a Ramírez Campos, Luis Alfonso  |9 12375 
245 |a Manual de inspección para construcción de urbanizaciones y casas de interés social 
260 |c 1992  |a San José, Costa Rica 
300 |a  [180] hojas : ilustraciones ; 27 cm.  
500 |a  Proyecto de graduación (licenciatura en ingeniería civil)--Universidad de Costa Rica. Facultad de Ingeniería. Escuela de Ingeniería Civil 
650 |x CONSTRUCCION   |x INSPECCION   |x  MANUALES  |9 4593 
942 |c TFG  |2 ddc 
999 |c 20070  |d 20070